[Event "Titled Tuesday intern op 12th Sep Early"]
[Site "Chess.com INT"]
[Date "2023.09.12"]
[Round "10"]
[White "Cagara, Paulina"]
[Black "Davidson, Kevin"]
[Result "0-1"]
[WhiteElo "2085"]
[BlackElo "2154"]
[PlyCount "82"]
[EventDate "2023.09.12"]
[EventType "swiss (blitz)"]
[EventRounds "11"]
[EventCountry "USA"]
[SourceTitle "EXT 2024"]
[Source "ChessBase"]
[SourceDate "2023.10.10"]
[SourceVersion "1"]
[SourceVersionDate "2023.10.10"]
[SourceQuality "1"]

1. e4 c5 2. Nc3 a6 3. d3 e6 4. f4 b5 5. Nf3 Bb7 6. a3 Nf6 7. Be2 d5 8. e5 Nfd7 9. 0-0 Nc6 10. f5 Be7 11. fxe6 fxe6 12. d4 cxd4 13. Nxd4 Nxd4 14. Kh1 Nxe5 15. Qxd4 Bf6 16. Qc5 Rc8 17. Qb4 Qe7 18. Qxe7+ Kxe7 19. Bf4 Nc4 20. Bxc4 Rxc4 21. Na2 Bxb2 22. Rae1 a5 23. Bg5+ Bf6 24. Bxf6+ gxf6 25. c3 Rg8 26. Rf2 h5 27. h3 Rg3 28. Kh2 h4 29. Rb2 Bc6 30. Rbe2 e5 31. Re3 Rxe3 32. Rxe3 Ra4 33. Nc1 Rxa3 34. Ne2 d4 35. Rd3 b4 36. Rd1 Ra2 37. cxd4 Rxe2 38. d5 Bb7 39. d6+ Kd7 40. Kg1 Rxg2+ 41. Kf1 Rc2 0-1

[Event "Titled Tuesday intern op 12th Sep Late"]
[Site "Chess.com INT"]
[Date "2023.09.12"]
[Round "7"]
[White "Cagara, Paulina"]
[Black "Seletsky, Grigory"]
[Result "0-1"]
[WhiteElo "2085"]
[BlackElo "2220"]
[PlyCount "58"]
[EventDate "2023.09.12"]
[EventType "swiss (blitz)"]
[EventRounds "11"]
[EventCountry "USA"]
[SourceTitle "EXT 2024"]
[Source "ChessBase"]
[SourceDate "2023.10.10"]
[SourceVersion "1"]
[SourceVersionDate "2023.10.10"]
[SourceQuality "1"]

1. e4 e6 2. d4 d5 3. Nc3 Nc6 4. exd5 exd5 5. Bb5 a6 6. Bxc6+ bxc6 7. Bf4 Bd6 8. Nge2 Ne7 9. 0-0 0-0 10. Qd3 a5 11. Bxd6 cxd6 12. Nf4 Ba6 13. Qg3 Bxf1 14. Rxf1 Ng6 15. Nh5 Qh4 16. Qf3 Qxd4 17. h3 Rfe8 18. Rd1 Qe5 19. g3 Rab8 20. b3 d4 21. Na4 c5 22. Rd3 Qe2 23. Qf5 Re5 24. Qd7 Qxh5 25. Qxd6 Rf8 26. Kg2 Qg5 27. Kh2 Qf5 28. Nb6 Qxf2+ 29. Kh1 Re1# 0-1

[Event "Titled Tuesday intern op 12th Sep Early"]
[Site "Chess.com INT"]
[Date "2023.09.12"]
[Round "11"]
[White "Dmitrenko, Viktor"]
[Black "Cagara, Paulina"]
[Result "1-0"]
[WhiteElo "2395"]
[BlackElo "2085"]
[PlyCount "153"]
[EventDate "2023.09.12"]
[EventType "swiss (blitz)"]
[EventRounds "11"]
[EventCountry "USA"]
[SourceTitle "EXT 2024"]
[Source "ChessBase"]
[SourceDate "2023.10.10"]
[SourceVersion "1"]
[SourceVersionDate "2023.10.10"]
[SourceQuality "1"]

1. e4 c6 2. Ne2 d5 3. e5 Bf5 4. Ng3 Bg6 5. h4 h5 6. d4 e6 7. Bd3 Bxd3 8. Qxd3 g6 9. 0-0 Nd7 10. c4 dxc4 11. Qxc4 Rc8 12. Ne4 Qxh4 13. Nbc3 Nb6 14. Qe2 Qd8 15. Bg5 Qd7 16. Bf6 Rh7 17. Ng5 Rg7 18. Bxg7 Bxg7 19. Nce4 Bf8 20. Qf3 Nd5 21. Rac1 Nh6 22. Nh7 Nf5 23. Nhf6+ Nxf6 24. Nxf6+ Ke7 25. Nxd7 Kxd7 26. Rfd1 Ke8 27. g4 hxg4 28. Qxg4 Rd8 29. a3 Rd5 30. b4 Be7 31. Rc3 a6 32. Rh3 Kd7 33. Rh7 Ke8 34. Kg2 a5 35. bxa5 Rxa5 36. Rb1 b5 37. Rc1 Ra6 38. Qf3 Kd7 39. Rxf7 Nh4+ 40. Kg3 Nxf3 41. Rxf3 Ke8 42. Rcc3 g5 43. Kg4 Ra4 44. Rfd3 c5 45. Kh5 cxd4 46. Rc6 Kd7 47. Rb6 Ra8 48. Rxb5 Rh8+ 49. Kg4 Rh4+ 50. Kf3 Kc6 51. Rbb3 Kd5 52. Rb5+ Bc5 53. a4 Kc4 54. Rd1 Rh3+ 55. Ke2 Rc3 56. Rd2 Ba7 57. Rb7 d3+ 58. Kd1 Bd4 59. Rc7+ Kb3 60. Rxc3+ Kxc3 61. a5 Bxe5 62. a6 Bd4 63. Ra2 Ba7 64. Ra3+ Kd4 65. Kd2 e5 66. Rxd3+ Ke4 67. Ra3 Kf4 68. Ke2 g4 69. Rb3 e4 70. Rb7 Bd4 71. a7 Bxa7 72. Rxa7 Ke5 73. Rg7 Kf4 74. Rf7+ Kg5 75. Ke3 Kg6 76. Rf4 Kg5 77. Rxe4 1-0

[Event "Titled Tuesday intern op 12th Sep Early"]
[Site "Chess.com INT"]
[Date "2023.09.12"]
[Round "2"]
[White "Md Imran"]
[Black "Cagara, Paulina"]
[Result "1-0"]
[WhiteElo "2197"]
[BlackElo "2085"]
[PlyCount "113"]
[EventDate "2023.09.12"]
[EventType "swiss (blitz)"]
[EventRounds "11"]
[EventCountry "USA"]
[SourceTitle "EXT 2024"]
[Source "ChessBase"]
[SourceDate "2023.10.10"]
[SourceVersion "1"]
[SourceVersionDate "2023.10.10"]
[SourceQuality "1"]

1. Nf3 f5 2. c4 Nf6 3. Nc3 g6 4. d4 Bg7 5. Bg5 0-0 6. e3 d6 7. h4 Nh5 8. Be2 c6 9. Qc2 Qe8 10. 0-0-0 e5 11. dxe5 dxe5 12. Nd2 Be6 13. c5 Nd7 14. Nc4 Nxc5 15. Nd6 Qb8 16. Bxh5 gxh5 17. Be7 b6 18. Kb1 e4 19. Bxf8 Qxf8 20. Ne2 Nd3 21. Nf4 Qxd6 22. Nxd3 exd3 23. Rxd3 Qe5 24. Rhd1 h6 25. Rd8+ Rxd8 26. Rxd8+ Kh7 27. Rd4 Bd5 28. f3 c5 29. Rf4 Be6 30. Qd2 c4 31. Rd4 Bf7 32. Rd7 Bg6 33. f4 Qe4+ 34. Ka1 c3 35. Qxc3 Bf7 36. Rxf7 Qxg2 37. Rxg7+ Qxg7 38. Qxg7+ Kxg7 39. Kb1 Kf6 40. Kc2 Ke6 41. Kd3 Kd5 42. Kd2 Ke4 43. Ke2 b5 44. b4 Kd5 45. Kd3 Ke6 46. e4 fxe4+ 47. Kxe4 Kf6 48. f5 a6 49. Kf4 Kf7 50. Ke5 Ke7 51. f6+ Kf7 52. Kf5 Kf8 53. Kg6 Kg8 54. Kxh6 Kf7 55. Kg5 Kf8 56. Kxh5 Kf7 57. Kg5 1-0

[Event "Titled Tuesday intern op 12th Sep Late"]
[Site "Chess.com INT"]
[Date "2023.09.12"]
[Round "2"]
[White "Tifferet, Shaked"]
[Black "Cagara, Paulina"]
[Result "1-0"]
[WhiteElo "2280"]
[BlackElo "2085"]
[PlyCount "37"]
[EventDate "2023.09.12"]
[EventType "swiss (blitz)"]
[EventRounds "11"]
[EventCountry "USA"]
[SourceTitle "EXT 2024"]
[Source "ChessBase"]
[SourceDate "2023.10.10"]
[SourceVersion "1"]
[SourceVersionDate "2023.10.10"]
[SourceQuality "1"]

1. c4 f5 2. Nc3 Nf6 3. h3 e5 4. g4 fxg4 5. hxg4 Nxg4 6. d4 exd4 7. Qxd4 Nf6 8. Bg5 Bb4 9. 0-0-0 Bxc3 10. Qxc3 d6 11. Bg2 Nc6 12. Nf3 Bf5 13. Nd4 Nxd4 14. Rxd4 Qe7 15. Rf4 Bg6 16. Rxf6 gxf6 17. Bxf6 Qf7 18. Bxb7 0-0 19. Bd5 1-0

[Event "Titled Tuesday intern op 08th Aug Late"]
[Site "Chess.com INT"]
[Date "2023.08.08"]
[Round "1"]
[White "Cagara, Paulina"]
[Black "Bilan, Danila"]
[Result "0-1"]
[WhiteElo "2085"]
[BlackElo "2303"]
[PlyCount "54"]
[EventDate "2023.08.08"]
[EventType "swiss (blitz)"]
[EventRounds "11"]
[EventCountry "USA"]
[SourceTitle "EXT 2024"]
[Source "ChessBase"]
[SourceDate "2023.10.10"]
[SourceVersion "1"]
[SourceVersionDate "2023.10.10"]
[SourceQuality "1"]

1. e4 c6 2. d4 d5 3. exd5 cxd5 4. Bd3 Nc6 5. c3 Qc7 6. Nf3 Bg4 7. 0-0 e6 8. Re1 Bd6 9. h3 Bh5 10. Nbd2 Nf6 11. Nf1 0-0 12. Ne3 a6 13. a3 b5 14. g4 Bg6 15. Bxg6 hxg6 16. Ng2 a5 17. Bg5 Ne4 18. Qe2 Rab8 19. Qe3 f5 20. Bf4 b4 21. Bxd6 Qxd6 22. axb4 axb4 23. Ra6 Qc7 24. Ng5 f4 25. Nxe6 fxe3 26. Nxc7 exf2+ 27. Kf1 Ng3# 0-1

[Event "Titled Tuesday intern op 08th Aug Late"]
[Site "Chess.com INT"]
[Date "2023.08.08"]
[Round "7"]
[White "Cagara, Paulina"]
[Black "Pakhomova, Ekaterina"]
[Result "1-0"]
[WhiteElo "2085"]
[BlackElo "2030"]
[PlyCount "87"]
[EventDate "2023.08.08"]
[EventType "swiss (blitz)"]
[EventRounds "11"]
[EventCountry "USA"]
[SourceTitle "EXT 2024"]
[Source "ChessBase"]
[SourceDate "2023.10.10"]
[SourceVersion "1"]
[SourceVersionDate "2023.10.10"]
[SourceQuality "1"]

1. e4 c5 2. Nc3 Nc6 3. Bb5 g6 4. Bxc6 bxc6 5. d3 Bg7 6. f4 Nf6 7. Nf3 0-0 8. 0-0 Ba6 9. Qe2 Rb8 10. Na4 c4 11. dxc4 d5 12. exd5 cxd5 13. b3 dxc4 14. Bb2 Qa5 15. Bc3 Qf5 16. Nd4 Qe4 17. Qf2 cxb3 18. Rfe1 b2 19. Bxb2 Qd5 20. Nb3 Rbc8 21. Rad1 Qc4 22. Nac5 e6 23. Rd4 Ng4 24. Rxc4 Nxf2 25. Bxg7 Kxg7 26. Ra4 Bb5 27. Rxa7 Ng4 28. Nxe6+ Kh6 29. Nxf8 Rxf8 30. Nd4 Bc4 31. h3 Nf6 32. f5 Nh5 33. Ra4 Bd5 34. Ra5 Bb7 35. g4 Nf4 36. Kh2 Rd8 37. c3 Rc8 38. Re3 Nd5 39. Rd3 Nxc3 40. fxg6 fxg6 41. Nf3 Ne4 42. g5+ Kh5 43. Rd4 Nf2 44. Rh4# 1-0

[Event "Titled Tuesday intern op 08th Aug Late"]
[Site "Chess.com INT"]
[Date "2023.08.08"]
[Round "3"]
[White "Nathan, Nitish"]
[Black "Cagara, Paulina"]
[Result "1-0"]
[WhiteElo "2220"]
[BlackElo "2085"]
[PlyCount "105"]
[EventDate "2023.08.08"]
[EventType "swiss (blitz)"]
[EventRounds "11"]
[EventCountry "USA"]
[SourceTitle "EXT 2024"]
[Source "ChessBase"]
[SourceDate "2023.10.10"]
[SourceVersion "1"]
[SourceVersionDate "2023.10.10"]
[SourceQuality "1"]

1. d4 f5 2. Bf4 Nf6 3. e3 g6 4. Nf3 Bg7 5. h3 d6 6. Be2 0-0 7. 0-0 Qe8 8. c4 Nbd7 9. Nc3 e5 10. Bh2 e4 11. Nd2 Qe7 12. b4 c6 13. c5 d5 14. Bd6 Qe8 15. Bxf8 Nxf8 16. b5 Bd7 17. bxc6 Bxc6 18. Rb1 g5 19. Bb5 f4 20. Bxc6 bxc6 21. Nb3 Qd7 22. f3 fxe3 23. Qe2 Ng6 24. Qxe3 Nf4 25. fxe4 Nxe4 26. Nxe4 dxe4 27. Qxe4 Re8 28. Qf3 h6 29. Kh1 Qc7 30. Rfe1 Rf8 31. Qe4 Nh5 32. Qe7 Ng3+ 33. Kg1 Rf1+ 34. Kh2 Qxe7 35. Rxe7 Rxb1 36. Kxg3 Rb2 37. Rxa7 h5 38. Rc7 Rxa2 39. Rxc6 Ra3 40. Rb6 Bxd4 41. Kh2 Be5+ 42. Kg1 Ra2 43. Rg6+ Kf7 44. Rxg5 Kf6 45. Rxh5 Rb2 46. Na5 Rb1+ 47. Kf2 Bd4+ 48. Kf3 Rb2 49. c6 Be5 50. Rxe5 Kxe5 51. Nc4+ Kd5 52. Nxb2 Kxc6 53. h4 1-0

[Event "Titled Tuesday intern op 08th Aug Early"]
[Site "Chess.com INT"]
[Date "2023.08.08"]
[Round "9"]
[White "Rios Escobar, Adan"]
[Black "Cagara, Paulina"]
[Result "0-1"]
[WhiteElo "2234"]
[BlackElo "2085"]
[PlyCount "92"]
[EventDate "2023.08.08"]
[EventType "swiss (blitz)"]
[EventRounds "11"]
[EventCountry "USA"]
[SourceTitle "EXT 2024"]
[Source "ChessBase"]
[SourceDate "2023.10.10"]
[SourceVersion "1"]
[SourceVersionDate "2023.10.10"]
[SourceQuality "1"]

1. d4 f5 2. g3 g6 3. Bg2 Bg7 4. Nf3 Nf6 5. 0-0 0-0 6. b3 d6 7. Bb2 Nc6 8. c4 Qe8 9. Nc3 e5 10. Nd5 Nxd5 11. cxd5 Nb4 12. dxe5 dxe5 13. a3 Na6 14. b4 Bd7 15. Ng5 Qe7 16. h4 f4 17. Ne6 Bxe6 18. dxe6 c6 19. Qd7 Rae8 20. Qxe7 Rxe7 21. Bh3 Nc7 22. Rad1 Nxe6 23. a4 Nd4 24. b5 Nxe2+ 25. Kg2 e4 26. Ba3 Rfe8 27. Bxe7 Rxe7 28. Rd7 Rxd7 29. Bxd7 cxb5 30. axb5 Be5 31. gxf4 Nxf4+ 32. Kh1 Nd3 33. Bc8 b6 34. Bb7 Bd4 35. Kg2 Nf4+ 36. Kg3 Ne2+ 37. Kg4 Nc3 38. Bc6 Kg7 39. h5 gxh5+ 40. Kxh5 Ne2 41. Kg4 Nc3 42. Kf4 Kf6 43. Rh1 Bxf2 44. Rxh7 e3 45. Rxa7 e2 46. Ra1 Nd1 0-1

[Event "Titled Tuesday intern op 06th Jun Late"]
[Site "Chess.com INT"]
[Date "2023.06.06"]
[Round "5"]
[White "Jaskolka, Tomasz"]
[Black "Cagara, Paulina"]
[Result "0-1"]
[WhiteElo "2238"]
[BlackElo "2089"]
[PlyCount "54"]
[EventDate "2023.06.06"]
[EventType "swiss (blitz)"]
[EventRounds "11"]
[EventCountry "USA"]
[SourceTitle "EXT 2024"]
[Source "ChessBase"]
[SourceDate "2023.10.10"]
[SourceVersion "1"]
[SourceVersionDate "2023.10.10"]
[SourceQuality "1"]

1. d4 f5 2. Bg5 h6 3. Bh4 g5 4. Bg3 Nf6 5. e3 Bg7 6. h4 g4 7. Ne2 d6 8. Nf4 0-0 9. Bc4+ Kh7 10. Nc3 Nc6 11. Ne6 Bxe6 12. Bxe6 Nh5 13. Qd3 Nb4 14. Bxf5+ Kh8 15. Qb5 c5 16. dxc5 Rxf5 17. Qxb4 Nxg3 18. fxg3 dxc5 19. Qxg4 Bxc3+ 20. bxc3 Qd7 21. Qe2 Qd6 22. Rd1 Qxg3+ 23. Kd2 Rf2 24. Rde1 Qxg2 25. e4 Rd8+ 26. Ke3 Qg3+ 27. Qf3 Qxf3# 0-1

[Event "Titled Tuesday intern op 06th Jun Late"]
[Site "Chess.com INT"]
[Date "2023.06.06"]
[Round "3"]
[White "Molenda, Marcin"]
[Black "Cagara, Paulina"]
[Result "0-1"]
[WhiteElo "2403"]
[BlackElo "2089"]
[PlyCount "128"]
[EventDate "2023.06.06"]
[EventType "swiss (blitz)"]
[EventRounds "11"]
[EventCountry "USA"]
[SourceTitle "EXT 2024"]
[Source "ChessBase"]
[SourceDate "2023.10.10"]
[SourceVersion "1"]
[SourceVersionDate "2023.10.10"]
[SourceQuality "1"]

1. Nf3 d5 2. g3 Nf6 3. Bg2 Bg4 4. 0-0 c6 5. c4 e6 6. d3 Be7 7. h3 Bh5 8. g4 Bg6 9. Ne5 Nbd7 10. Nxg6 hxg6 11. Nc3 Qc7 12. e4 d4 13. Nb1 e5 14. a3 Nh7 15. b4 Bg5 16. c5 Bf4 17. h4 g5 18. h5 Nhf6 19. Nd2 g6 20. Nc4 gxh5 21. Bxf4 gxf4 22. g5 Ng4 23. Nd6+ Ke7 24. Bh3 Rag8 25. Kg2 Rxg5 26. Kf3 Nh2+ 27. Ke2 Nxf1 28. Qxf1 Nf6 29. Qd1 Ng4 30. Qb3 Rh7 31. Rh1 Rhg7 32. Bxg4 hxg4 33. Rh8 Qd7 34. Rb8 Kf6 35. Rxb7 Qe6 36. Qxe6+ Kxe6 37. Nf5 Rxf5 38. exf5+ Kxf5 39. b5 cxb5 40. c6 Rg6 41. Rxf7+ Kg5 42. c7 Rc6 43. Re7 Kf6 44. Rd7 Rc2+ 45. Kf1 f3 46. Kg1 Kg5 47. Rf7 a5 48. Re7 Kf6 49. Rd7 b4 50. axb4 axb4 51. Kh2 b3 52. Kg3 b2 53. Rd6+ Ke7 54. Rb6 Kd7 55. Kxg4 Kxc7 56. Rb5 Kd6 57. Kxf3 Ke6 58. Rb8 Kf5 59. Rb6 Rd2 60. Kg3 Rxd3+ 61. f3 Rd2 62. Rb5 d3 63. Rb4 Rc2 64. Rb3 d2 0-1